Ligue des Champions par pays - Statistiques

Statistiques générales
  • Ce quiz a été pris 142 fois
  • Le résultat moyen est 8 sur 10
Statistiques - réponses
Victoires Pays % Correct
20 Espagne
100%
15 Angleterre
98%
12 Italie
98%
8 Allemagne
95%
2 France
94%
4 Portugal
89%
6 Pays-Bas
88%
1 Écosse
61%
1 Serbie
53%
1 Roumanie
51%
Aucun quiz correspondant
Distribution des résultats
% des personnes avec chaque résultat
Percentile par nombre de réponses
Votre historique - résultats
Vous n’avez pas pris ce quiz